000 00447nam a2200181Ia 4500
003 0100
008 130303s9999 xx 000 0 und d
040 _cARRUPELIB
050 _aPN181.M81968
100 _aMurray, Donald M
245 2 _aA Practical Method of teaching composition
245 _bA Writer teaches writing
260 _aGeneva, Illinois
260 _bHoughton Mifflin Company
260 _C1968
300 _a256p
942 0 0 _01
999 _c36119
_d36119